Frontiers of the Roman Empire = Grenzen des Römischen Reiches : the Antonine Wall = Der Antoninus Wall : a World Heritage Site /

The Antonine Wall lay at the very extremity of the Roman world. This volume, presented in English and German, presents a concise introduction to the wall which is, in many ways, one of the most developed frontier in Europe. Perhaps of greatest significance is the survival of the collection of Roman...

وصف كامل

محفوظ في:

المؤلف الرئيسي: Breeze, David J. (مؤلف)

التنسيق: كتاب الكتروني

اللغة: English
German

منشور في: Oxford : Archaeopress Archaeology, 2022.

الطبعة: Second edition.

الموضوعات:

الوصول للمادة أونلاين: Login to view Source

الوسوم: إضافة وسم

لا توجد وسوم, كن أول من يضع وسما على هذه التسجيلة!

رقم الطلب: DA777.7

LEADER 02256nam a2200481 i 4500
001 EDZ0002728313
003 StDuBDS
005 20230412183130.0
006 m|||||o||d||||||||
007 cr |||||||||||
008 220328s2022 enkab fob 000|0|eng|d
020 |a 9781789699968 (PDF ebook) :  |c No price 
040 |a StDuBDS  |b eng  |c StDuBDS  |e rda  |e pn 
041 0 |a eng  |a ger 
050 4 |a DA777.7 
082 0 4 |a 936.13  |2 23 
100 1 |a Breeze, David J.  |q (David John),  |e author. 
245 1 0 |a Frontiers of the Roman Empire =  |b Grenzen des Römischen Reiches : the Antonine Wall = Der Antoninus Wall : a World Heritage Site /  |c David J. Breeze. 
250 |a Second edition. 
264 1 |a Oxford :  |b Archaeopress Archaeology,  |c 2022. 
300 |a 1 online resource (76 pages) :  |b illustrations (black and white, and colour), maps (colour) 
336 |a text  |2 rdacontent 
336 |a still image  |2 rdacontent 
336 |a cartographic image  |2 rdacontent 
337 |a computer  |2 rdamedia 
338 |a online resource  |2 rdacarrier 
500 |a This edition also issued in print: 2022. 
500 |a Previous edition: 2009. 
504 |a Includes bibliographical references. 
520 8 |a The Antonine Wall lay at the very extremity of the Roman world. This volume, presented in English and German, presents a concise introduction to the wall which is, in many ways, one of the most developed frontier in Europe. Perhaps of greatest significance is the survival of the collection of Roman military sculpture, the Distance Slabs. 
521 |a Specialized. 
546 |a Text in English and German. 
588 |a Description based on online resource; title from PDF title page (viewed on June 6, 2022). 
651 0 |a Antonine Wall (Scotland) 
651 0 |a Rome  |x Boundaries  |z Scotland. 
651 0 |a Scotland  |x Boundaries  |z Rome. 
651 0 |a Scotland  |x Antiquities, Roman. 
651 0 |a Great Britain  |x History  |y Roman period, 55 B.C.-449 A.D. 
776 0 8 |i Print version :  |z 9781789699951 
856 4 0 |3 Archaeopress  |u http://library.arce.org:8087/Archaeopress/Products/9781789699951 
942 |2 lcc  |c EBOOK 
952 |0 0  |1 0  |4 0  |6 DA07777  |7 1  |9 46857  |a ARCH  |b ARCH  |d 2023-04-12  |l 0  |o DA777.7  |r 2023-04-12 00:00:00  |w 2023-04-12  |y EBOOK 
999 |c 52515  |d 52515